Statistiques concernant Forteresses et villes - Game of Thrones/Le Trône de Fer

Cliquez ici pour prendre le quiz!

Statistiques générales

  • Ce quiz a été pris 329 fois
  • Le résultat moyen est 21 sur 44

Statistiques - réponses

IndiceRéponse% Correct
Siège de la maison StrarkWinterfell
96%
Quartier Général de la Garde de NuitChâteaunoir
90%
Capitale des Sept CouronnesPort-Réal
88%
Siège de la maison LannisterCastral Roc
81%
Siège de la maison TyrellHautjardin
80%
Ancienne forteresse ancestrale des TargaryenPeyredragon
75%
Cité LibreBraavos
74%
Forteresse maudite fondée par Harren le NoirHarrenhal
74%
Siège de la maison FreyLes Jumeaux
68%
Siège de la maison BarathéonAccalmie
66%
Siège de la maison TullyVivesaigues
65%
Principale cité de la Baie des SerfsMeereen
63%
Siège de la maison GreyjoyPyke
63%
Siège de la maison ArrynLes Eyrié
57%
Siège de la maison BoltonFort Terreur
56%
Siège d'une ancienne civilisation de dragonniersValyria
55%
Siège du pouvoir royalDonjon Rouge
54%
Cité de la Baie des Serfs, vendant des ImmaculésAstapor
53%
Siège de la maison MartellLancéhélion
52%
Cité LibrePentos
52%
Lieu de rassemblement des DothrakisVaes Dothrak
48%
Forteresse du Mur la plus à l'EstFort-Levant
47%
Cité située dans le Désert RougeQarth
47%
Siège de la maison HightowerVillevieille
47%
Cité LibreVolantis
46%
Cité LibreMyr
43%
Ville portuaire des Terres de l'OuestPort Lannis
41%
Cité de la Baie des Serfs, vendant des esclaves sexuelsYunkaï
41%
Siège de la maison ManderlyBlancport
35%
Cité LibreLys
34%
Siège de la maison TarlyCorcolline
32%
Ancien siège de la maison ReyneCastamere
31%
Forteresse du Mur la plus à l'OuestTour Ombreuse
30%
Cité sombre située aux confins du monde connuAsshaï-lès-l'Ombre
29%
Siège de la maison OmbleÂtre-les-confins
29%
Forteresse en ruines, située dans le NeckMoat Cailin
24%
Siège de la maison RedwyneLa Treille
22%
Siège de la maison GloverMotte-la-forêt
21%
Cité LibreTyrosh
19%
Siège de la maison DayneLes Météores
18%
Ville portuaire du ValGoëville
16%
Cité LibreQohor
16%
Cité LibreNorvos
15%
Cité LibreLorath
14%

Distribution des résultats

Percentile par nombre de réponses

% des personnes avec chaque résultat

Votre développement - résultats

Vous n’avez pas pris ce quiz